Selection for yield and stability over seasons in Hevea brasiliensis (Record no. 52528)

MARC details
000 -LEADER
fixed length control field 00586nam a2200193Ia 4500
100 ## - MAIN ENTRY--AUTHOR NAME
Personal name John A.
245 #0 - TITLE STATEMENT
Title Selection for yield and stability over seasons in Hevea brasiliensis
260 ## - PUBLICATION, DISTRIBUTION, ETC. (IMPRINT)
Name of publisher Placrosym XVI, 2004, Kasaragod, India. Journal of Plantation Crops, 32(Supplement): 82-86
Year of publication 2004
650 ## - SUBJECT ADDED ENTRY--TOPICAL TERM
Topical Term AMMI analysis
650 ## - SUBJECT ADDED ENTRY--TOPICAL TERM
Topical Term Clonal stability
650 ## - SUBJECT ADDED ENTRY--TOPICAL TERM
Topical Term G x E interaction
650 ## - SUBJECT ADDED ENTRY--TOPICAL TERM
Topical Term Yield
700 ## - ADDED ENTRY--PERSONAL NAME
Personal name Mydin K.K.
700 ## - ADDED ENTRY--PERSONAL NAME
Personal name Nair R.B.
700 ## - ADDED ENTRY--PERSONAL NAME
Personal name Saraswathyamma C.K.
700 ## - ADDED ENTRY--PERSONAL NAME
Personal name Varghese Y.A.
942 ## - ADDED ENTRY ELEMENTS (KOHA)
Koha item type Bibliography STAF
Holdings
Withdrawn status Lost status Damaged status Not for loan Home library Current library Date acquired Koha item type
      Bibliography RRII Library RRII Library 09/04/2014 Bibliography STAF